| Tag |
First Indicator |
Second Indicator |
Subfields |
| LEADER |
00000cam a2200000 4500 |
| 001 |
in00000061932 |
| 005 |
20151008051104.0 |
| 008 |
740823s1938 eng u |
| 010 |
|
|
|a 38000082
|
| 035 |
|
|
|a (OCoLC)00988104
|
| 035 |
|
|
|9 AAG5642AM
|
| 040 |
|
|
|c CIN
|d TXA
|d UtOrBLW
|
| 049 |
|
|
|a TXAM
|c [458499]
|
| 050 |
|
0 |
|a BX4827.K5
|b G4
|
| 082 |
0 |
|
|a 921.8489
|
| 092 |
|
|
|a 208
|b K473g
|
| 100 |
1 |
|
|a Geismar, Eduard Osvald,
|d 1871-
|
| 245 |
1 |
0 |
|a Lectures on the religious thought of Sren Kierkegaard :
|b given at Princeton Theological Seminary in March, 1936 /
|c by Eduard Geismar. With an introd. by David F. Swenson.
|
| 264 |
|
1 |
|a Minneapolis :
|b Augsburg,
|c 1938.
|
| 300 |
|
|
|a xlix, 97 pages ;
|c 22 cm.
|
| 336 |
|
|
|a text
|b txt
|2 rdacontent
|
| 337 |
|
|
|a unmediated
|b n
|2 rdamedia
|
| 338 |
|
|
|a volume
|b nc
|2 rdacarrier
|
| 600 |
1 |
0 |
|a Kierkegaard, Søren,
|d 1813-1855.
|
| 700 |
1 |
|
|a Swenson, David F.
|q (David Ferdinand),
|d 1876-1940.
|
| 999 |
|
|
|a MARS
|
| 999 |
f |
f |
|s ee3eec9d-2907-3d2a-bfed-baa1911ffded
|i 239eab71-5c44-3b21-aae6-3604458e6387
|t 0
|
| 952 |
f |
f |
|p ric
|a Texas A&M University
|b Rellis Campus
|c Joint Library Facility
|d Remote Storage
|t 0
|e BX4827.K5 G4
|h Library of Congress classification
|i unmediated -- volume
|m A14800599250
|
| 998 |
f |
f |
|a BX4827.K5 G4
|t 0
|l Remote Storage
|